Random access: pathways to accessible housing for wheelchair users (Record no. 67716)

MARC details
000 -LEADER
fixed length control field 01410cam a2200277 4500
001 - CONTROL NUMBER
control field ABS64151
008 - FIXED-LENGTH DATA ELEMENTS--GENERAL INFORMATION
fixed length control field 010712n2001 000 0 eng u
035 ## - SYSTEM CONTROL NUMBER
System control number (Sirsi) u113641
100 ## - MAIN ENTRY--PERSONAL NAME
Personal name Whelan, H.
245 ## - TITLE STATEMENT
Title Random access: pathways to accessible housing for wheelchair users
260 ## - PUBLICATION, DISTRIBUTION, ETC.
Date of publication, distribution, etc. 2001
490 ## - SERIES STATEMENT
Series statement Axis
Volume/sequential designation 56(3) June-July 2001, 14-15(2)
520 ## - SUMMARY, ETC.
Summary, etc. Discusses a planning toolkit for accessible housing for wheelchair users, "Pathways to accessible housing", developed by the Papworth Trust and Habinteg Housing Association. Outlines the methodology of the toolkit, which will enable local authorities and their partners to assess the needs of wheelchair users and manage provision more effectively, and details some of the characteristics of the wheelchair user population and the current housing. "Pathways to accessible housing" is available in two parts, priced £15 and £30 respectively, Tel: 01480 357207 or 020 7822 8700; Fax: 01480 831580 or 020 7822 8701; Email: [email protected] or [email protected].
590 ## - LOCAL NOTE (RLIN)
Local note ABS
650 ## - SUBJECT ADDED ENTRY--TOPICAL TERM
Topical term or geographic name entry element DISABLED PEOPLE
650 ## - SUBJECT ADDED ENTRY--TOPICAL TERM
Topical term or geographic name entry element HOUSING MANAGEMENT
650 ## - SUBJECT ADDED ENTRY--TOPICAL TERM
Topical term or geographic name entry element HOUSING PROVISION
650 ## - SUBJECT ADDED ENTRY--TOPICAL TERM
Topical term or geographic name entry element HOUSING TOOLKITS
650 ## - SUBJECT ADDED ENTRY--TOPICAL TERM
Topical term or geographic name entry element PEOPLE WITH DISABILITIES
650 ## - SUBJECT ADDED ENTRY--TOPICAL TERM
Topical term or geographic name entry element PLANNING TOOLKITS
650 ## - SUBJECT ADDED ENTRY--TOPICAL TERM
Topical term or geographic name entry element SOCIAL HOUSING
650 ## - SUBJECT ADDED ENTRY--TOPICAL TERM
Topical term or geographic name entry element WHEELCHAIR ACCESS
650 ## - SUBJECT ADDED ENTRY--TOPICAL TERM
Topical term or geographic name entry element WHEELCHAIRS
690 ## - LOCAL SUBJECT ADDED ENTRY--TOPICAL TERM (OCLC, RLIN)
Topical term or geographic name as entry element Affordable housing
9 (RLIN) 6215
942 ## - ADDED ENTRY ELEMENTS (KOHA)
Suppress in OPAC 0
Holdings
Withdrawn status Lost status Source of classification or shelving scheme Damaged status Not for loan Home library Current library Shelving location Date acquired Total Checkouts Full call number Barcode Date last seen Copy number Price effective from Koha item type
    Dewey Decimal Classification     London London Journal article 12/07/2001   ABS64151 113641-1001 06/08/2019 1 06/08/2019 Journal article